Писания мужей апостольских (Запись № 1387241)

Подробности
000 -МАРКЕР
контрольное поле 01190nam0a2200301 4500
001 - ИДЕНТИФИКАТОР ЗАПИСИ
контрольное поле RU\NLR\bibl\1149125
005 - ИДЕНТИФИКАТОР ВЕРСИИ
контрольное поле 20260406044424.0
010 ## - МЕЖДУНАРОДНЫЙ СТАНДАРТНЫЙ НОМЕР КНИГИ (ISBN)
Номер (ISBN) 978-5-367-00559-2
Тираж 5000
035 ## - ДРУГИЕ СИСТЕМНЫЕ НОМЕРА
Идентификатор записи (NLR Aleph) 001135930
100 ## - ДАННЫЕ ОБЩЕЙ ОБРАБОТКИ
Данные общей обработки 20071102d2007 |||y0rusy50 ca
101 1# - ЯЗЫК РЕСУРСА
Язык текста, звукозаписи и т.д. русский
Язык оригинала не определено
102 ## - СТРАНА ПУБЛИКАЦИИ ИЛИ ПРОИЗВОДСТВА
Страна публикации Российская Федерация
105 ## - ПОЛЕ КОДИРОВАННЫХ ДАННЫХ: ТЕКСТОВЫЕ МАТЕРИАЛЫ, МОНОГРАФИЧЕСКИЕ
Кодированные данные о монографическом текстовом документе y |||||||||
200 1# - ЗАГЛАВИЕ И СВЕДЕНИЯ ОБ ОТВЕТСТВЕННОСТИ
Основное заглавие Писания мужей апостольских
Первые сведения об ответственности [пер. протоиер. Петра Преображенского с ввод. ст. и коммент.
Последующие сведения об ответственности предисл. Р.В. Светлова]
210 ## - ПУБЛИКАЦИЯ, РАСПРОСТРАНЕНИЕ И ДР.
Место издания, распространения и т.д. Санкт-Петербург
Имя издателя, распространителя и т. д. Амфора
Дата издания, распространения и т.д. 2007
215 ## - ФИЗИЧЕСКАЯ ХАРАКТЕРИСТИКА
Специфическое обозначение материала и объем 473,[1] с.
Размеры 21
225 1# - СЕРИЯ
Основное заглавие серии Александрийская библиотека
320 ## - ПРИМЕЧАНИЯ О НАЛИЧИИ В ДОКУМЕНТЕ БИБЛИОГРАФИИ / УКАЗАТЕЛЯ
Текст примечания Произведения древ. авторов: с. 468-473
606 0# - НАИМЕНОВАНИЕ ТЕМЫ КАК ПРЕДМЕТ
Наименование темы Патристика
Системный номер авторитетной/нормативной записи 2291912
Идентификатор авторитетной/нормативной записи RU\NLR\auth\661372588
686 ## - ИНДЕКСЫ ДРУГИХ КЛАССИФИКАЦИЙ
Индекс Э37-4
702 #1 - ИМЯ ЛИЦА - ВТОРИЧНАЯ ОТВЕТСТВЕННОСТЬ
Код отношения Переводчик
Материалы, к которым относится поле rus
Графика поля Кириллица
Начальный элемент ввода Преображенский
Часть имени, кроме начального элемента ввода П. Ф.
Даты 1894-1941
Расширение инициалов личного имени Петр Федорович
Идентификатор авторитетной/нормативной записи RU\NLR\auth\774284
Системный номер авторитетной/нормативной записи 114266
801 #0 - ИСТОЧНИК ЗАПИСИ
Страна Российская Федерация
Организация NLR
Дата составления 20071102
Правила каталогизации RCR
801 #1 - ИСТОЧНИК ЗАПИСИ
Страна Российская Федерация
Организация NLR
Дата составления 20071102
942 ## - ДОПОЛНИТЕЛЬНЫЕ ЭЛЕМЕНТЫ ЗАПИСИ (АБИС)
Тип экземпляра АБИС Книга
980 ## - КОЛЛЕКЦИЯ
Название коллекции Национальная библиография
Экземпляры
Тип экземпляра Дата поступления Источник поступления Стоимость Библиотека постоянного хранения Библиотека текущего хранения Место хранения Шифр хранения Штрих-код Статус экземпляра
Книга 02.11.2007 Покупка 241.00 РНБ (Московский) РНБ (Московский) Русский книжный фонд: издания с 1957 года 2007-3/30307 1-3130406  
Книга 02.11.2007 Подсобные фонды РНБ   РНБ (Московский) РНБ (Московский) Фонд литературы на языках стран Азии и Африки, подручный   2540402  
Книга 02.11.2007 Покупка 241.00 РНБ (Садовая) РНБ (Садовая) Универсальный читальный зал У Э37-4/П-340 1-143763